000 00671nam a2200217 4500
003 OSt
005 20240624060540.0
006 a
008 240624b |||||||| |||| 00| 0 eng d
020 _a9781259009686
040 _aDWCL-HMN lib.
_cOC
082 _aCirc. 647.94 B575p 2012
100 _aBhakta, Anutosh
245 _aProfessional hotel front office management /
260 _aNew Delhi :
_bTata McGraw-Hill Education Private Limited,
_cc2012.
300 _axii,
_b320 p. : il. ;
_c23 cm.
504 _aIncludes index.
650 _a1. Hotel front desk personnel-Training of.
650 _a2. Hotels- Public relations.
942 _2ddc
_n0
_cBK-CIRC
_kCirc.
999 _c1224
_d1224